|
|
|
|
| LEADER |
00000naa2a2200000 4500 |
| 001 |
190277 |
| 005 |
20240123085711.0 |
| 035 |
|
|
|a (RuTPU)RU\TPU\book\207245
|
| 090 |
|
|
|a 190277
|
| 100 |
|
|
|a 20110119d2010 k y0rusy50 ca
|
| 101 |
0 |
|
|a rus
|
| 102 |
|
|
|a RU
|
| 200 |
1 |
|
|a Применение мощных ионных пучков для нанесения боиактивных покрытий на имплантанты
|f Т. Л. Волокитина, М. С. Салтымаков, Е. Е. Швецов
|g науч. рук. С. И. Твердохлебов
|
| 320 |
|
|
|a Библиогр.: 2 назв.
|
| 463 |
|
0 |
|0 (RuTPU)RU\TPU\book\199176
|t Ресурсоэффективным технологиям - энергию и энтузиазм молодых
|o сборник докладов I Университетской конференции студентов элитного технического образования, 19-20 апреля 2010 г. г. Томск
|f Национальный исследовательский Томский политехнический университет (ТПУ)
|v С. 108-111
|d 2010
|p 224 с.
|
| 610 |
1 |
|
|a ионные пучки
|
| 610 |
1 |
|
|a мощные пучки
|
| 610 |
1 |
|
|a биоактивные покрытия
|
| 610 |
1 |
|
|a нанесение
|
| 610 |
1 |
|
|a труды учёных ТПУ
|
| 700 |
|
1 |
|a Волокитина
|b Т. Л.
|c физик
|c инженер Томского политехнического университета
|f 1990-
|g Татьяна Леонидовна
|3 (RuTPU)RU\TPU\pers\30004
|9 14455
|
| 701 |
|
1 |
|a Салтымаков
|b М. С.
|c физик
|c младший научный сотрудник Томского политехнического университета
|f 1982-
|g Максим Сергеевич
|3 (RuTPU)RU\TPU\pers\30452
|9 14777
|
| 701 |
|
1 |
|a Швецов
|b Е. Е.
|c физик
|c инженер Томского политехнического университета
|f 1987-
|g Егор Евгеньевич
|3 (RuTPU)RU\TPU\pers\30450
|
| 702 |
|
1 |
|a Твердохлебов
|b С. И.
|4 727
|
| 801 |
|
1 |
|a RU
|b 63413507
|c 20110119
|
| 801 |
|
2 |
|a RU
|b 63413507
|c 20151208
|g RCR
|
| 942 |
|
|
|c BK
|